000 00614nam a2200205Ia 4500
003 OSt
005 20230522144016.0
008 210423s1991 xx 000 0 und d
040 _cAL
041 _aeng
082 _a305.4
_223
_bRISG
100 _aRISSCCUW (Carla)
_9110325
245 _aGender transformation power and resistance among women in srilanka
260 _aNew Delhi
_bManohar Publications
_c1991
365 _b350
_cINR
650 _aSociology
_9110326
650 _aWomen Studies
_9110327
906 _aamong ; Gender ; power ; resistance ; srilanka ; transformation ; women
942 _2ddc
_cBK
999 _c172672
_d172672